00310nam a22001217a 4500003000400000005001700004008004100021040001400062100001800076245005200094260003400146300000800180OSt20220510111039.0220510b xxu||||| |||| 00| 0 eng d csero soft aDr.Kapoor S.K aHuman Right Under International Law & india Law aAllahabadbCentral Law Agency a518